[Event "Quebec Carnaval op"]
[Site "Quebec"]
[Date "2006.02.18"]
[Round "2"]
[White "Larochelle, Martial"]
[Black "Ouellet, Michel"]
[Result "1-0"]
[WhiteElo "2122"]
[BlackElo "1886"]
[PlyCount "85"]
[EventDate "2006.02.17"]
[EventType "swiss"]
[EventRounds "5"]
[EventCountry "CAN"]
[SourceTitle "EXT 2007"]
[Source "ChessBase"]
[SourceDate "2006.11.23"]
[SourceVersion "1"]
[SourceVersionDate "2006.11.23"]
[SourceQuality "1"]

1. Nf3 Nf6 2. c4 c5 3. Nc3 g6 4. e4 d6 5. d4 cxd4 6. Nxd4 Bg7 7. Be2 Nc6 8. Be3 0-0 9. 0-0 Bd7 10. f3 Ne8 11. Qd2 Nc7 12. Nc2 Ne6 13. b4 Rc8 14. f4 b6 15. Rab1 Re8 16. Nd5 Nc7 17. Rbc1 Nxd5 18. cxd5 Nb8 19. Bd4 e5 20. dxe6 Bxe6 21. Bxg7 Kxg7 22. Ne3 Qe7 23. f5 Rxc1 24. Qxc1 Bxf5 25. Rxf5 Qxe4 26. Qc3+ Kg8 27. Rf3 Nd7 28. Bd3 Qe5 29. Qb3 Re7 30. Qd5 Qa1+ 31. Rf1 Qe5 32. Qxe5 dxe5 33. Bc4 Kg7 34. Nd5 Re8 35. Nc7 Rf8 36. Ne8+ Kg8 37. Nd6 Kg7 38. Nxf7 e4 39. Ng5 Rxf1+ 40. Kxf1 Nf6 41. Ke2 Ng4 42. Nxe4 Nxh2 43. Be6 1-0

[Event "Levis op"]
[Site "Levis"]
[Date "2001.01.06"]
[Round "2"]
[White "Ouellet, Michel"]
[Black "Beaudoin, Stephane"]
[Result "0-1"]
[WhiteElo "1631"]
[BlackElo "1907"]
[PlyCount "46"]
[EventDate "2001.??.??"]
[EventType "swiss"]
[EventRounds "5"]
[EventCountry "CAN"]
[SourceTitle "EXT 2004"]
[Source "ChessBase"]
[SourceDate "2003.11.25"]
[SourceVersion "1"]
[SourceVersionDate "2003.11.25"]
[SourceQuality "1"]

1. e4 g6 2. d4 Bg7 3. Nc3 d6 4. Be3 c6 5. Be2 b5 6. a3 a6 7. Qd2 Nd7 8. f4 Nb6 9. b3 d5 10. Nf3 dxe4 11. Nxe4 Nd5 12. 0-0 Nh6 13. Rad1 Nxe3 14. Qxe3 0-0 15. Ne5 Qb6 16. Nc5 Rd8 17. Nxc6 Qxc6 18. Bf3 Qd6 19. Bxa8 Nf5 20. Qe4 Bxd4+ 21. Kh1 Qxc5 22. b4 Ng3+ 23. hxg3 Qh5# 0-1

[Event "St Therese Outaouais-Laurentides m1"]
[Site "St Therese"]
[Date "1994.05.07"]
[Round "1"]
[White "Ouellet, Michel"]
[Black "Roy, Roger"]
[Result "1-0"]
[WhiteElo "1777"]
[BlackElo "1814"]
[PlyCount "71"]
[EventDate "1994.05.07"]
[EventType "team-match"]
[EventRounds "2"]
[EventCountry "CAN"]
[SourceTitle "EXT 2022"]
[Source "ChessBase"]
[SourceDate "2021.10.06"]
[SourceVersion "1"]
[SourceVersionDate "2021.10.06"]
[SourceQuality "1"]

1. e4 g6 2. d4 Bg7 3. Nc3 d6 4. Be2 Nc6 5. Be3 Nf6 6. h4 h5 7. Nf3 Ng4 8. Qd2 Nxe3 9. fxe3 Bg4 10. 0-0-0 Bxf3 11. gxf3 Qd7 12. Kb1 a6 13. f4 0-0-0 14. Bc4 e6 15. Qe2 Nb8 16. Rhg1 Qe7 17. f5 exf5 18. exf5 Bh6 19. fxg6 fxg6 20. Rxg6 Qxh4 21. Rdg1 Rde8 22. e4 Nc6 23. Bxa6 Nxd4 24. Qd3 Qf2 25. Bc4 Bf4 26. Nd1 Qxc2+ 27. Qxc2 Nxc2 28. Kxc2 Rxe4 29. Be6+ Kb8 30. Nc3 Rd4 31. Rg8+ Rxg8 32. Rxg8+ Ka7 33. Nb5+ Ka6 34. Nxd4 Be5 35. Nf3 Bf4 36. Rh8 1-0

[Event "Masson Outaouais-Laurentides m1"]
[Site "Masson"]
[Date "1993.06.05"]
[Round "4"]
[White "Ouellet, Michel"]
[Black "Jobin, Gilles G"]
[Result "1-0"]
[WhiteElo "1710"]
[BlackElo "1766"]
[PlyCount "67"]
[EventDate "1993.06.??"]
[EventType "team"]
[EventRounds "4"]
[EventCountry "CAN"]
[SourceTitle "EXT 2022"]
[Source "ChessBase"]
[SourceDate "2021.10.06"]
[SourceVersion "1"]
[SourceVersionDate "2021.10.06"]
[SourceQuality "1"]

1. e4 g6 2. d4 Bg7 3. Nc3 d6 4. Be2 Nf6 5. h4 h5 6. Nf3 Bg4 7. Ng5 Bxe2 8. Qxe2 0-0 9. e5 Nh7 10. f4 e6 11. Be3 d5 12. g4 Nxg5 13. hxg5 h4 14. Qh2 Re8 15. Qxh4 Nc6 16. 0-0-0 Kf8 17. Qh7 Ne7 18. Rd2 c6 19. Rdh2 b5 20. Ne2 a5 21. Ng3 Qd7 22. f5 exf5 23. gxf5 Nxf5 24. Nxf5 Qxf5 25. Rf2 Qd7 26. Qxg6 Re6 27. Qh7 Qd8 28. g6 f6 29. Bh6 Bxh6+ 30. Qxh6+ Ke8 31. Qg7 Re7 32. Rh8+ Kd7 33. Rxd8+ Rxd8 34. Qxf6 1-0

[Event "Trois-Rivieres Mauricie op"]
[Site "Trois Rivieres"]
[Date "1991.03.17"]
[Round "4"]
[White "Ouellet, Michel"]
[Black "Roy, Roger"]
[Result "0-1"]
[WhiteElo "1739"]
[BlackElo "1707"]
[PlyCount "58"]
[EventDate "1991.03.15"]
[EventType "swiss"]
[EventRounds "5"]
[EventCountry "CAN"]
[SourceTitle "EXT 2022"]
[Source "ChessBase"]
[SourceDate "2021.10.06"]
[SourceVersion "1"]
[SourceVersionDate "2021.10.06"]
[SourceQuality "1"]

1. e4 e6 2. d4 d5 3. Nc3 Bb4 4. a3 Bxc3+ 5. bxc3 dxe4 6. Qg4 Nf6 7. Qxg7 Rg8 8. Qh6 Rg6 9. Qd2 b6 10. Ne2 Bb7 11. Ng3 Nc6 12. Bb5 a6 13. Ba4 b5 14. Bb3 Ne7 15. Rg1 c5 16. c4 cxd4 17. Bb2 bxc4 18. Bxc4 e5 19. 0-0-0 Qb6 20. f4 e3 21. Qe2 Rb8 22. Bb3 Bd5 23. fxe5 Bxb3 24. cxb3 Nfd5 25. Rxd4 Rc6+ 26. Rc4 Qxb3 27. Rxc6 Nxc6 28. e6 Nd4 29. exf7+ Kf8 0-1